Statistics for Countries In Order By Nuclear Arsenal

Click here to take the quiz!

General Stats

  • This quiz has been taken 56 times
  • The average score is 7 of 9

Answer Stats

RankCountryAmount% Correct
1Russia6372-6490
100%
2United States5800-6185
98%
3China300-320
84%
4France290
82%
5United Kingdom200-215
76%
7India140-150
73%
6Pakistan160
73%
8Israel90
63%
9North Korea30-40
57%

Score Distribution

Percentile by Number Answered

Percent of People with Each Score

Your Score History

You have not taken this quiz